[Event "Genova Val Bisagno 2nd"]
[Site "Genova"]
[Date "2001.11.??"]
[Round "1"]
[White "Dormio, Luca"]
[Black "Evangelisti, Gianpaolo"]
[Result "1/2-1/2"]
[WhiteElo "1653"]
[BlackElo "1395"]
[PlyCount "148"]
[EventDate "2001.11.??"]
[EventType "swiss"]
[EventRounds "6"]
[EventCountry "ITA"]
[SourceTitle "EXT 2024"]
[Source "ChessBase"]
[SourceDate "2023.10.10"]
[SourceVersion "1"]
[SourceVersionDate "2023.10.10"]
[SourceQuality "1"]

1. b3 e5 2. Bb2 d6 3. e3 Nf6 4. c4 b6 5. Nc3 Bb7 6. Nf3 h6 7. d4 exd4 8. exd4 Be7 9. Be2 0-0 10. 0-0 Nh7 11. Bd3 Bf6 12. Qc2 Ng5 13. Nxg5 Bxg5 14. Ne4 Nd7 15. f4 Bf6 16. Rae1 Re8 17. Kh1 d5 18. Ng3 Rxe1 19. Rxe1 Bh4 20. Re3 Bxg3 21. hxg3 Nf6 22. Qe2 Qd7 23. Re7 Re8 24. Rxd7 Rxe2 25. Bxe2 Nxd7 26. Bf3 c6 27. Ba3 f6 28. Kh2 Kf7 29. f5 Bc8 30. cxd5 c5 31. dxc5 Nxc5 32. Bxc5 bxc5 33. g4 Ke7 34. Kg3 Bd7 35. Kf4 Kd6 36. Ke3 h5 37. Kf4 hxg4 38. Kxg4 g6 39. Be4 g5 40. Kh5 Ke5 41. Bc2 Kxd5 42. Kg6 Ke5 43. g4 Bc6 44. Bd1 Be4 45. Kf7 Bd5+ 46. Ke7 a5 47. Kd7 c4 48. bxc4 Bxc4 49. a3 Bb5+ 50. Kc7 a4 51. Kb6 Be8 52. Kc5 Bd7 53. Kb4 Kf4 54. Kc3 Bc6 55. Kd4 Bf3 56. Bxf3 Kxf3 57. Kd5 Kxg4 58. Ke6 Kh4 59. Kxf6 g4 60. Ke6 g3 61. f6 g2 62. f7 g1Q 63. f8Q Qe3+ 64. Kd5 Qd3+ 65. Kc6 Qc4+ 66. Qc5 Qe4+ 67. Kb5 Qe8+ 68. Kb4 Qe4+ 69. Qc4 Qxc4+ 70. Kxc4 Kg5 71. Kb4 Kf6 72. Kxa4 Ke7 73. Kb5 Kd7 74. Kb6 Kc8 1/2-1/2

[Event "Genova Val Bisagno 2nd"]
[Site "Genova"]
[Date "2001.11.??"]
[Round "5"]
[White "Maiori, Nicola"]
[Black "Evangelisti, Gianpaolo"]
[Result "1-0"]
[WhiteElo "1699"]
[BlackElo "1395"]
[PlyCount "97"]
[EventDate "2001.11.??"]
[EventType "swiss"]
[EventRounds "6"]
[EventCountry "ITA"]
[SourceTitle "EXT 2024"]
[Source "ChessBase"]
[SourceDate "2023.10.10"]
[SourceVersion "1"]
[SourceVersionDate "2023.10.10"]
[SourceQuality "1"]

1. e4 e5 2. Nf3 d6 3. Nc3 Nf6 4. Bc4 h6 5. d4 Qe7 6. dxe5 dxe5 7. h3 Be6 8. Bxe6 Qxe6 9. 0-0 a6 10. Be3 Be7 11. Nd5 Bd6 12. Nxf6+ Qxf6 13. Qd5 Nc6 14. Rad1 Rd8 15. Qb3 b6 16. Qa4 Be7 17. Rd5 0-0 18. c4 a5 19. a3 Rd6 20. Rfd1 Rfd8 21. Nh2 Qe6 22. Nf3 f6 23. c5 Rxd5 24. exd5 Rxd5 25. Rxd5 Qxd5 26. cxb6 cxb6 27. Bxb6 e4 28. Nd4 Nxd4 29. Qxd4 Qxd4 30. Bxd4 a4 31. Kf1 Kf7 32. Ke2 Ke6 33. Kd2 Kd5 34. Kc3 g5 35. g4 Bd8 36. b3 axb3 37. Be3 b2 38. Kxb2 Kc4 39. Kc2 Be7 40. a4 Kb4 41. a5 Kxa5 42. Kc3 Kb5 43. Kd4 Kc6 44. Kxe4 Kd6 45. Kf5 Kd5 46. f4 Bc5 47. Bxc5 Kxc5 48. fxg5 fxg5 49. Kg6 1-0